000 00388nam a2200157Ia 4500
003 OSt
005 20260311095512.0
008 211028s2013 xx 000 0 und d
040 _cAIMIT LIBRARY
041 _aeng
100 _aPriya, M; Prabhu, Aravinda.
_g101726
_93807
110 _aVanitha T
_93808
245 _aArt auction forum /
260 _aBangalore
_c2013
942 _2ddc
_cPRO
999 _c217357
_d217357